000 00613nam a2200205 a 4500
001 18085
003 CO-ViMGA
008 141112s2004 ck r 000 u spa d
020 _a8489804419
040 _aCO-ViMGA
_bspa
_cCO-ViMGA
082 0 4 _a822.33 J19s
100 1 _aJay, Roni
_925709
245 1 0 _aShakespeare . Guía para jovenes
260 _aSalamanca (España),
_cLoguez,
_c2001
300 _a98.p.
590 _aForma de adquisición : Premio - Mincultura
650 1 4 _aSHAKESPEARE, WILLIAM - CRITICA E INTERPRETACION
_925710
650 1 4 _aTEATRO INGLES - HISTORIA Y CRITICA
_925711
942 _2ddc
_cBK
999 _c27461
_d27461